000 03989cam a2200325 a 4500
003 EG-GiCUC
005 20250223031644.0
008 170131s2016 ua d f m 000 0 ara d
040 _aEG-GiCUC
_bara
_cEG-GiCUC
041 0 _aara
049 _aايداع
097 _aماجستير
099 _aCai01.18.06.M.Sc.2016.مح.د
100 0 _aمحمد سعيد امين مصباح
245 1 0 _aدراسة تأثير ضبط الجودة على اللجنة العليا للتخصصات الطبية /
_cمحمد سعيد امين مصباح ؛ اشراف سيد مشعال
246 1 5 _aStudy the effect of quality control in the high committee of medical specialties
260 _aالقاهرة :
_bمحمد سعيد امين مصباح :
_c2016
300 _a88ورقة :
_bرسوم بيانية ؛
_c30سم
502 _aاطروحة (ماجستير) - جامعة القاهرة - معهد الدراسات والبحوث الاحصائيه - قسم الدراسات المهنية - توكيد الجودة والضبط الإحصائي
520 _aتهدف الدراسة إلى قياس تأثير تطبيق نظم ضبط الجودة على مكان تعليمى خدمى هو اللجنة العليا للتخصصات الطبية (الزمالة المصرية) الذي يتقدم إليها أكثر من 10000 طالب سنويا على دفعتين فى السنة للحصول على شهادة الزمالة المصرية فى 66 تخصص واللذى يقبل منهم متوسط 1400 طالب لكل دفعة. وهذه دراسة وصفية تحليلية اشتملت على 113 شخصا من المستفيدين بالخدمة (متدربى الزمالة المصرية) بالزماله المصريه وكانت العينه عشوائيه من معظم التخصصات الموجوده وتمثل حوالي 10 % من الدفعه الواحدة كما اشتملت على 45 من مقدمى الخدمة داخل مقر الزماله من اطباء واداريين وتمثل العينه معظم العاملين بمقر الزماله. ولتحقيق أهداف الدراسة: تم تصميم إستبانة لإجراء الدراسة الميدانية لمتغيرات الدراسة من أجل اختبار الفرضيات والإجابة على أسئلة الدراسة. استخدم الباحث اداتين: الاولى عبارة عن استبانة لاستطلاع رأى متلقى الخدمه وكذلك العاملين بالزماله المصريه والثانيه عباره عن قائمه معايير أقرت بواسطة لجنه الجوده الموكل لها وضع الاسس والسياسات لتطوير وتحسين الاداء بالزماله المصريه والمقره من الاداره العليا لتنفيذها للارتقاء بمستوى الجوده وكسب رضاء العاملين ومتلقى الخدمه. استخدم الباحث ابسط الطرق واقلها تكلفه وأسرعها فى التأثير للارتفاع بمعدل الاداء وخلصت النتائج الى انه بوسائل بسيطه يمكن الحفاظ على الموارد وتحسين جوده الاداء بما يضمن ارتفاع معدل رضاء المستفيدين. وكانت النتائج فى استطلاع الرأى بعد استحداث بعض الطرق للتسهيل مرضيه فى اغلب الاحيان ولم يتوقف التحسين على ما جاء بالبحث ولكنه كان نواه لبداية التحسين المستمر والتطابق مع المعايير لكسب رضا المستفيدين
530 _aصدر ايضا كقرص مدمج
653 4 _aالتخصصات الطبية
653 4 _aالتعليم
653 4 _aالجودة
700 0 _aسيد مشعال :
_eمشرف
856 _uhttp://172.23.153.220/th.pdf
905 _aNazla
_eRevisor
905 _aSoheir
_eCataloger
942 _2ddc
_cTH
999 _c59637
_d59637